| 000 | 00407nab a2200145Ia 4500 | ||
|---|---|---|---|
| 003 | ES-SlBCS | ||
| 005 | 20210601131742.0 | ||
| 008 | 140529s1932 xxu||||| |||| 00| 0 fre d | ||
| 041 | _afre | ||
| 100 | 1 |
_aBrillant, Maurice _9188536 |
|
| 245 | 0 | 0 |
_aJean Cras _c Maurice Brillant |
| 600 | 1 | 4 |
_aCras, Jean _9188589 |
| 773 | 0 |
_tVie Intelectuelle (La) _gvol. 18, nº. 1, 1932, págs. 171-174 _wRev907 |
|
| 942 | _cAR | ||
| 999 |
_c568202 _d568202 |
||